Statystyki dla Top 10 najmniej zaludnionych stanów USA

Kliknij tutaj aby rozwiązać quiz!

Ogólne statystyki

  • Ten quiz został rozwiązany 270 razy
  • Średni wynik to 5 z 10

Statystyki odpowiedzi

PopulacjaStan% Poprawnych
731,000Alaska
84%
1,059,000Hawaje
69%
762,000Dakota Północna
55%
884,000Dakota Południowa
54%
1,068,000Rhode Island
53%
578,000Wyoming
48%
623,000Vermont
44%
551,000Waszyngton D.C
43%
973,000Delaware
36%
1,344,000New Hampshire
35%

Rozkład punktacji

Percentyl według liczby udzielonych odpowiedzi

Procent ludzi z każdym wynikiem

Twoja historia wyników

Nie rozwiązałeś tego quizu